Phân tích thị hiếu tiêu dùng rau an toàn và giải pháp phát triển hệ thống bán lẻ rau an toàn trên địa bàn thành phố Cần Thơ : Luận văn thạc sĩ kinh tế chuyên ngành Quản trị kinh doanh

Phân tích, đánh giá thực trạng hệ thống cung ứng rau an toàn trên địa bàn thành phố Cần Thơ và xác định các nhân tố ảnh hưởng đến thị hiếu tiêu dùng rau an toàn của người dân trên địa bàn thành phố Cần Thơ. Từ đó đề xuất một số giả...

Cijeli opis

Spremljeno u:
Bibliografski detalji
Glavni autor: Bùi, Ngọc Hải
Format: Knjiga
Jezik:Undetermined
Izdano: Cần Thơ Trường Đại học Cần Thơ 2012
Teme:
Oznake: Dodaj oznaku
Bez oznaka, Budi prvi tko označuje ovaj zapis!
Thư viện lưu trữ: Trung tâm Học liệu Trường Đại học Cần Thơ
LEADER 01454nam a2200229Ia 4500
001 CTU_177557
008 210402s9999 xx 000 0 und d
082 |a 658.8342 
082 |b H103 
088 |a 60340102 
100 |a Bùi, Ngọc Hải 
245 0 |a Phân tích thị hiếu tiêu dùng rau an toàn và giải pháp phát triển hệ thống bán lẻ rau an toàn trên địa bàn thành phố Cần Thơ : 
245 0 |b Luận văn thạc sĩ kinh tế chuyên ngành Quản trị kinh doanh 
245 0 |c Bùi Ngọc Hải ; Lưu Thanh Đức Hải (Hướng dẫn khoa học) 
260 |a Cần Thơ 
260 |b Trường Đại học Cần Thơ 
260 |c 2012 
520 |a Phân tích, đánh giá thực trạng hệ thống cung ứng rau an toàn trên địa bàn thành phố Cần Thơ và xác định các nhân tố ảnh hưởng đến thị hiếu tiêu dùng rau an toàn của người dân trên địa bàn thành phố Cần Thơ. Từ đó đề xuất một số giải pháp phát triển hệ thống bán lẻ rau an toàn trên địa bàn thành phố Cần Thơ. 
650 |a Marketing,Tiếp thị 
650 |x Psychological aspects,Khía cạnh tâm lý 
904 |i Châu Quốc Thái,Hải 
980 |a Trung tâm Học liệu Trường Đại học Cần Thơ